[Event "Titled Tuesday intern op 14th May Late"]
[Site "Chess.com INT"]
[Date "2024.05.14"]
[Round "4"]
[White "Fakhrutdinov, Timur"]
[Black "Vetoshko, Volodymyr"]
[Result "1-0"]
[WhiteElo "2471"]
[BlackElo "2505"]
[PlyCount "53"]
[EventDate "2024.05.14"]
[EventType "swiss (blitz)"]
[EventRounds "11"]
[EventCountry "USA"]
[SourceTitle "CBM 220 Extra"]
[Source "ChessBase"]
[SourceDate "2024.07.31"]
[SourceVersion "1"]
[SourceVersionDate "2024.07.31"]
[SourceQuality "1"]

1. e4 c6 2. d4 d5 3. Nc3 dxe4 4. Nxe4 Nf6 5. Nxf6+ exf6 6. c3 Bd6 7. Bd3 Na6 8. Qe2+ Kf8 9. Bxa6 bxa6 10. Nf3 h5 11. Be3 g6 12. Nd2 Kg7 13. Ne4 Bc7 14. Nc5 a5 15. Qc4 Bf5 16. 0-0-0 Bd6 17. d5 Bxc5 18. Qxc5 cxd5 19. Rxd5 Qe8 20. Qd4 Qe6 21. Re1 Kh7 22. Bd2 Qc6 23. Rd6 Qxg2 24. Qxf6 Rhf8 25. c4 Qg4 26. Rd4 Qf3 27. Qg5 1-0

[Event "Moscow op-A 18th"]
[Site "Moscow"]
[Date "2022.07.20"]
[Round "9"]
[White "Skatchkov, Valery"]
[Black "Fakhrutdinov, Timur"]
[Result "1-0"]
[WhiteElo "2240"]
[BlackElo "2501"]
[PlyCount "57"]
[EventDate "2022.07.14"]
[EventType "swiss"]
[EventRounds "9"]
[EventCountry "RUS"]
[SourceTitle "CBM 209 Extra"]
[Source "ChessBase"]
[SourceDate "2022.09.30"]
[SourceVersion "1"]
[SourceVersionDate "2022.09.30"]
[SourceQuality "1"]

1. d4 Nf6 2. c4 e6 3. Nf3 d5 4. g3 Bb4+ 5. Nbd2 dxc4 6. Bg2 b5 7. 0-0 0-0 8. a4 c6 9. axb5 cxb5 10. Ng5 Nd5 11. e4 Nb6 12. e5 Qxd4 13. Nxh7 Nd5 14. Ng5 g6 15. Re1 Nd7 16. Re4 Qb6 17. Qg4 Kg7 18. Qh3 Rh8 19. Rh4 Rxh4 20. Qxh4 Nf8 21. Nde4 Qd4 22. Bf4 Be7 23. Nf6 Nxf4 24. gxf4 Qxb2 25. Rf1 Rb8 26. Ngh7 Nd7 27. Ne8+ Kg8 28. Qxe7 Bb7 29. Ng5 1-0

[Event "Titled Tuesday intern op 18th May"]
[Site "Chess.com INT"]
[Date "2021.05.18"]
[Round "6"]
[White "Fakhrutdinov, Timur"]
[Black "Jary, Sergey"]
[Result "0-1"]
[WhiteElo "2501"]
[BlackElo "2275"]
[PlyCount "90"]
[EventDate "2021.05.18"]
[EventType "swiss (blitz)"]
[EventRounds "11"]
[EventCountry "USA"]
[SourceTitle "CBM 202 Extra"]
[Source "ChessBase"]
[SourceDate "2021.07.31"]
[SourceVersion "1"]
[SourceVersionDate "2021.07.31"]
[SourceQuality "1"]

1. d4 Nf6 2. c4 g6 3. Nc3 d5 4. Nf3 Bg7 5. e3 0-0 6. h4 c6 7. Ne5 Nbd7 8. Be2 Nxe5 9. dxe5 Ne4 10. Nxe4 dxe4 11. Qd4 Qc7 12. Qxe4 Qxe5 13. Qxe5 Bxe5 14. f4 Bg7 15. g4 e5 16. Rb1 exf4 17. exf4 Re8 18. Kf1 Be6 19. b3 Rad8 20. Bf3 Rd7 21. Rh2 Red8 22. Be3 Bd4 23. Re1 Bxe3 24. Rxe3 Rd4 25. f5 gxf5 26. g5 Rd2 27. Ree2 Rxe2 28. Kxe2 Kg7 29. h5 h6 30. gxh6+ Kxh6 31. Ke3 Rg8 32. Kf4 Rg1 33. Rd2 Rf1 34. Rd8 Rf2 35. Rh8+ Kg7 36. Rb8 b5 37. Ke3 Rxa2 38. cxb5 cxb5 39. Rxb5 Ra3 40. Bd1 a5 41. Kf4 Ra1 42. Bf3 Rf1 43. Rxa5 Bxb3 44. Kg3 f4+ 45. Kg2 Rc1 0-1

[Event "Titled Tuesday intern op 22nd Dec"]
[Site "Chess.com INT"]
[Date "2020.12.22"]
[Round "2"]
[White "Fakhrutdinov, Timur"]
[Black "Estrada Nieto, Julian"]
[Result "1-0"]
[WhiteElo "2501"]
[BlackElo "2280"]
[PlyCount "71"]
[EventDate "2020.12.22"]
[EventType "swiss (blitz)"]
[EventRounds "11"]
[EventCountry "USA"]
[SourceTitle "CBM 199 Extra"]
[Source "ChessBase"]
[SourceDate "2021.01.31"]
[SourceVersion "1"]
[SourceVersionDate "2021.01.31"]
[SourceQuality "1"]

1. Nf3 d5 2. e3 Nf6 3. c4 dxc4 4. Bxc4 e6 5. 0-0 c5 6. d4 a6 7. Qe2 Nc6 8. Rd1 Qc7 9. a3 b5 10. Ba2 Bb7 11. Nc3 Bd6 12. h3 0-0 13. dxc5 Bxc5 14. e4 Nh5 15. e5 Ng3 16. Qe1 Rfd8 17. Bf4 Nf5 18. Ne4 Qb6 19. b4 Bd4 20. Nxd4 Ncxd4 21. Rac1 h6 22. Nc5 Bd5 23. Bb1 a5 24. Bxf5 Nxf5 25. f3 axb4 26. axb4 Ra2 27. Rd2 Rda8 28. Qf2 Rxd2 29. Qxd2 Ra2 30. Rc2 Ra1+ 31. Rc1 Qa7 32. Rxa1 Qxa1+ 33. Kh2 Qb1 34. Nd3 Qb3 35. Nc5 Qc4 36. Nd7 1-0

[Event "Titled Tuesday intern op 29th Sept"]
[Site "Chess.com INT"]
[Date "2020.09.29"]
[Round "3"]
[White "Fakhrutdinov, Timur"]
[Black "Hoffmann, Asa"]
[Result "1-0"]
[WhiteElo "2501"]
[BlackElo "2185"]
[PlyCount "83"]
[EventDate "2020.09.29"]
[EventType "swiss (blitz)"]
[EventRounds "10"]
[EventCountry "USA"]
[SourceTitle "CBM 198 Extra"]
[Source "ChessBase"]
[SourceDate "2020.11.30"]
[SourceVersion "1"]
[SourceVersionDate "2020.11.30"]
[SourceQuality "1"]

1. d4 Nf6 2. c4 c5 3. d5 e5 4. Nc3 d6 5. e4 Be7 6. Bd3 Nbd7 7. Nge2 Nf8 8. 0-0 Ng6 9. h3 0-0 10. Be3 Nh5 11. Qd2 h6 12. g4 Nh4 13. Kh1 Nf3 14. Qd1 Nf6 15. Ng3 Nd4 16. f4 exf4 17. Bxf4 Nh7 18. e5 Bg5 19. Bxh7+ Kxh7 20. Qd3+ Kg8 21. exd6 Bxf4 22. Rxf4 Qxd6 23. Raf1 Bd7 24. Nce4 Qb6 25. Nh5 f5 26. gxf5 Rxf5 27. Qg3 Rxh5 28. Nf6+ Qxf6 29. Rxf6 Rxh3+ 30. Qxh3 Bxh3 31. Rg1 Kh8 32. Rf7 g5 33. Re1 Bf5 34. Ree7 g4 35. d6 g3 36. d7 Rg8 37. Rxf5 g2+ 38. Kg1 Nxf5 39. Re8 Nh4 40. Rxg8+ Kxg8 41. d8Q+ Kf7 42. Qxh4 1-0

[Event "Titled Tuesday intern op 29th Sept"]
[Site "Chess.com INT"]
[Date "2020.09.29"]
[Round "2"]
[White "Nepomniachtchi, Ian"]
[Black "Fakhrutdinov, Timur"]
[Result "1-0"]
[WhiteElo "2784"]
[BlackElo "2501"]
[PlyCount "33"]
[EventDate "2020.09.29"]
[EventType "swiss (blitz)"]
[EventRounds "10"]
[EventCountry "USA"]
[SourceTitle "CBM 198 Extra"]
[Source "ChessBase"]
[SourceDate "2020.11.30"]
[SourceVersion "1"]
[SourceVersionDate "2020.11.30"]
[SourceQuality "1"]

1. b3 e5 2. Bb2 Nc6 3. Nf3 Qe7 4. c4 f5 5. Nc3 e4 6. Nd5 Qd6 7. Nh4 Nge7 8. Nxe7 Nxe7 9. g3 Qh6 10. Bg2 d6 11. d3 exd3 12. Qxd3 f4 13. 0-0 Ng6 14. Nf5 Qg5 15. Qe4+ Kf7 16. Qd5+ Be6 17. Nxd6+ 1-0

[Event "Titled Tuesday intern op 22nd Sept"]
[Site "Chess.com INT"]
[Date "2020.09.22"]
[Round "2"]
[White "Fakhrutdinov, Timur"]
[Black "Lopez Idarraga, Daniel Eduardo"]
[Result "0-1"]
[WhiteElo "2501"]
[BlackElo "2009"]
[PlyCount "134"]
[EventDate "2020.09.22"]
[EventType "swiss (blitz)"]
[EventRounds "10"]
[EventCountry "USA"]
[SourceTitle "CBM 198 Extra"]
[Source "ChessBase"]
[SourceDate "2020.11.30"]
[SourceVersion "1"]
[SourceVersionDate "2020.11.30"]
[SourceQuality "1"]

1. d4 e6 2. c4 f5 3. Nf3 Nf6 4. g3 c6 5. Bg2 d5 6. 0-0 Bd6 7. Nbd2 0-0 8. Ne1 Bd7 9. Nd3 Be8 10. b4 Bh5 11. c5 Bc7 12. a4 Nbd7 13. b5 e5 14. bxc6 bxc6 15. dxe5 Nxe5 16. Nb3 Re8 17. Nd4 Qd7 18. Nf4 Bf7 19. Qc2 g6 20. Bb2 Rab8 21. Rfd1 Ne4 22. f3 Nf6 23. e4 fxe4 24. fxe4 Nc4 25. Bc1 Nxe4 26. Nb5 Be5 27. Rb1 Qf5 28. Bxe4 Qxe4 29. Qxe4 dxe4 30. Na3 Rxb1 31. Nxb1 e3 32. Re1 Bxf4 33. gxf4 Re4 34. Nc3 Rxf4 35. Bxe3 Nxe3 36. Rxe3 Rc4 37. Ne4 Bd5 38. Nf6+ Kf7 39. Nd7 Rxa4 40. Kf2 Ra2+ 41. Kg3 Rg2+ 42. Kh3 Rd2 43. Ne5+ Kg7 44. Kg3 Rb2 45. h4 Rc2 46. Kf4 Rxc5 47. Nd7 Rc4+ 48. Ke5 Rxh4 49. Rc3 Re4+ 50. Kd6 Rc4 51. Re3 Re4 52. Ra3 h5 53. Rxa7 Rf4 54. Ke5 Rf7 55. Kd6 h4 56. Ra4 g5 57. Ne5 Rf6+ 58. Kc5 h3 59. Ra7+ Kh6 60. Ng4+ Kg6 61. Nxf6 Kxf6 62. Rh7 g4 63. Kd4 Bg2 64. Ke3 g3 65. Kf4 h2 66. Kxg3 h1Q 67. Rxh1 Bxh1 0-1

[Event "Titled Tuesday intern op 18th Aug"]
[Site "Chess.com INT"]
[Date "2020.08.18"]
[Round "4"]
[White "Fakhrutdinov, Timur"]
[Black "Oliveira, Silvio Eduardo"]
[Result "0-1"]
[WhiteElo "2501"]
[BlackElo "2280"]
[PlyCount "80"]
[EventDate "2020.08.18"]
[EventType "swiss (blitz)"]
[EventRounds "10"]
[EventCountry "USA"]
[SourceTitle "CBM 197 Extra"]
[Source "ChessBase"]
[SourceDate "2020.09.30"]
[SourceVersion "1"]
[SourceVersionDate "2020.09.30"]
[SourceQuality "1"]

1. Nf3 Nf6 2. c4 g6 3. Nc3 Bg7 4. g3 d6 5. Bg2 0-0 6. 0-0 Nc6 7. Rb1 a5 8. a3 e5 9. d3 h6 10. b4 axb4 11. axb4 Nd4 12. Nxd4 exd4 13. Nb5 Ne8 14. Bb2 c5 15. Bc1 Bd7 16. bxc5 dxc5 17. Bxb7 Rb8 18. Bg2 Nd6 19. Na3 Qa5 20. Bf4 Ba4 21. Qe1 Qa6 22. Rxb8 Rxb8 23. Qa1 g5 24. Bd2 Re8 25. Bf3 Bc6 26. Bxc6 Qxc6 27. Qd1 g4 28. Nc2 h5 29. Ne1 Nf5 30. Ng2 h4 31. e4 dxe3 32. fxe3 h3 33. e4 hxg2 34. Rxf5 Bd4+ 35. Kxg2 Rxe4 36. Rg5+ Kf8 37. dxe4 Qxe4+ 38. Kf1 Qh1+ 39. Ke2 Qf3+ 40. Ke1 Qf2# 0-1

[Event "Titled Tuesday intern op 18th Aug"]
[Site "Chess.com INT"]
[Date "2020.08.18"]
[Round "7"]
[White "Fakhrutdinov, Timur"]
[Black "Perrine, Dalton"]
[Result "1-0"]
[WhiteElo "2501"]
[BlackElo "2247"]
[PlyCount "57"]
[EventDate "2020.08.18"]
[EventType "swiss (blitz)"]
[EventRounds "10"]
[EventCountry "USA"]
[SourceTitle "CBM 197 Extra"]
[Source "ChessBase"]
[SourceDate "2020.09.30"]
[SourceVersion "1"]
[SourceVersionDate "2020.09.30"]
[SourceQuality "1"]

1. Nf3 c5 2. e3 Nf6 3. d4 g6 4. dxc5 Bg7 5. a3 0-0 6. Bd3 Na6 7. b4 b6 8. cxb6 axb6 9. Bb2 d6 10. 0-0 e5 11. Nbd2 Bb7 12. e4 Nc7 13. c4 Ne6 14. Re1 Nh5 15. g3 f5 16. exf5 gxf5 17. Nh4 e4 18. Bxg7 Nhxg7 19. Bf1 Qf6 20. Nb3 Rad8 21. Qc2 f4 22. Rad1 e3 23. fxe3 f3 24. Qf2 Ng5 25. e4 Nxe4 26. Rxe4 Bxe4 27. Nd2 Bb7 28. Re1 Ne6 29. c5 1-0

[Event "Titled Tuesday intern op 18th Aug"]
[Site "Chess.com INT"]
[Date "2020.08.18"]
[Round "2"]
[White "Rodriguez, Santiago"]
[Black "Fakhrutdinov, Timur"]
[Result "0-1"]
[WhiteElo "2252"]
[BlackElo "2501"]
[PlyCount "70"]
[EventDate "2020.08.18"]
[EventType "swiss (blitz)"]
[EventRounds "10"]
[EventCountry "USA"]
[SourceTitle "CBM 197 Extra"]
[Source "ChessBase"]
[SourceDate "2020.09.30"]
[SourceVersion "1"]
[SourceVersionDate "2020.09.30"]
[SourceQuality "1"]

1. d4 Nf6 2. Bg5 d6 3. Bxf6 exf6 4. e3 f5 5. c4 Be7 6. g3 0-0 7. Nc3 c6 8. Bg2 Nd7 9. Nge2 Nf6 10. Qd3 Re8 11. b4 Bd7 12. 0-0 g6 13. a4 Qc7 14. b5 Rad8 15. a5 c5 16. b6 axb6 17. axb6 Qc8 18. Ra7 Bc6 19. d5 Bd7 20. Rfa1 Ng4 21. Qc2 Bf6 22. R1a2 Re7 23. Qb3 Ne5 24. Nb5 Bxb5 25. Qxb5 Nd3 26. Qb3 Nb4 27. R2a4 Rde8 28. Nc3 Qd8 29. Rxb4 cxb4 30. Qxb4 Bxc3 31. Qxc3 Qxb6 32. Ra5 Rxe3 33. fxe3 Rxe3 34. c5 Qb1+ 35. Kf2 Rxc3 0-1

[Event "Titled Tuesday intern op 21st July"]
[Site "Chess.com INT"]
[Date "2020.07.21"]
[Round "3"]
[White "Vitiugov, Nikita"]
[Black "Fakhrutdinov, Timur"]
[Result "1-0"]
[WhiteElo "2722"]
[BlackElo "2501"]
[PlyCount "59"]
[EventDate "2020.07.21"]
[EventType "swiss (blitz)"]
[EventRounds "10"]
[EventCountry "USA"]
[SourceTitle "CBM 197 Extra"]
[Source "ChessBase"]
[SourceDate "2020.09.30"]
[SourceVersion "1"]
[SourceVersionDate "2020.09.30"]
[SourceQuality "1"]

1. d4 Nf6 2. Nf3 d5 3. Bf4 c5 4. e3 Nc6 5. Nbd2 cxd4 6. exd4 Bg4 7. c3 e6 8. Qb3 Qc8 9. Bd3 Nh5 10. Be3 Bxf3 11. Nxf3 Bd6 12. g3 0-0 13. Qc2 f5 14. g4 Nf4 15. Bxf4 Bxf4 16. gxf5 exf5 17. Kf1 Qe6 18. Re1 Qf6 19. Qe2 Rae8 20. Qxe8 Rxe8 21. Rxe8+ Kf7 22. Re2 Qh6 23. Bxf5 Qh5 24. Be6+ Kf6 25. Ne1 Nd8 26. Bc8 b5 27. h3 Bd6 28. Rg1 Qh4 29. Re3 Bf4 30. Rf3 1-0

[Event "Leon blitz op 33rd"]
[Site "Chess.com INT"]
[Date "2020.07.14"]
[Round "4"]
[White "Melkumyan, Hrant"]
[Black "Fakhrutdinov, Timur"]
[Result "1-0"]
[WhiteElo "2663"]
[BlackElo "2501"]
[PlyCount "83"]
[EventDate "2020.07.14"]
[EventType "swiss (blitz)"]
[EventRounds "10"]
[EventCountry "ESP"]
[SourceTitle "CBM 197 Extra"]
[Source "ChessBase"]
[SourceDate "2020.09.30"]
[SourceVersion "1"]
[SourceVersionDate "2020.09.30"]
[SourceQuality "1"]

1. e4 e5 2. Nf3 Nc6 3. Bc4 Bc5 4. c3 Nf6 5. d4 exd4 6. e5 d5 7. Bb5 Ne4 8. cxd4 Bb6 9. Nc3 0-0 10. Be3 Bg4 11. h3 Bh5 12. Qc2 Bg6 13. Qb3 Ne7 14. 0-0 c6 15. Bd3 Nd2 16. Nxd2 Bxd3 17. Rfe1 Bg6 18. Na4 Nf5 19. Nxb6 Qxb6 20. Qc3 f6 21. Nf3 Rae8 22. Bf4 Qd8 23. g4 Ne7 24. exf6 gxf6 25. Re3 Be4 26. Nd2 f5 27. Bh6 Rf6 28. Bg5 Rg6 29. Bxe7 Qxe7 30. f3 Qh4 31. fxe4 dxe4 32. Qb3+ Kh8 33. Qf7 Reg8 34. Qxf5 Rxg4+ 35. hxg4 Rxg4+ 36. Qxg4 Qxg4+ 37. Kf2 Qf4+ 38. Ke2 Qh2+ 39. Ke1 Qh4+ 40. Kd1 Qh1+ 41. Re1 Qh5+ 42. Kc2 1-0